Simple coreldraw 12: (Record no. 145)

MARC details
000 -LEADER
fixed length control field 00713nam a22002057a 4500
005 - DATE AND TIME OF LATEST TRANSACTION
control field 20230519021827.0
008 - FIXED-LENGTH DATA ELEMENTS--GENERAL INFORMATION
fixed length control field 221109b |||||||| |||| 00| 0 eng d
020 ## - INTERNATIONAL STANDARD BOOK NUMBER
International Standard Book Number 971-8523-30-8
082 ## - DEWEY DECIMAL CLASSIFICATION NUMBER
Classification number Fil. 006.68 An552 2005
100 ## - MAIN ENTRY--PERSONAL NAME
Personal name Andes, Antonio M., Sr.
Relator term author
245 ## - TITLE STATEMENT
Title Simple coreldraw 12:
Remainder of title Fully illustrated /
Statement of responsibility, etc. Antonio M. Andes , Sr., Antonio S. Andes, Jr.; edited by Rodel N. Naz
260 ## - PUBLICATION, DISTRIBUTION, ETC.
Place of publication, distribution, etc. Valenzuela City:
Name of publisher, distributor, etc. Andes Mountain Printers,
Date of publication, distribution, etc. c2005.
300 ## - PHYSICAL DESCRIPTION
Extent x, [228]p.:
Other physical details ill.
504 ## - BIBLIOGRAPHY, ETC. NOTE
Bibliography, etc. note Includes index
541 ## - IMMEDIATE SOURCE OF ACQUISITION NOTE
Accession number 2099 c.1, 2100 c.2, 2101c.3, 2102 c.4
650 ## - SUBJECT ADDED ENTRY--TOPICAL TERM
Topical term or geographic name entry element Computer graphics
650 ## - SUBJECT ADDED ENTRY--TOPICAL TERM
Topical term or geographic name entry element Corel draw
700 ## - ADDED ENTRY--PERSONAL NAME
Personal name Andes, Antonio S., Jr.
Relator term author
700 ## - ADDED ENTRY--PERSONAL NAME
Personal name Naz, Rodel N.
Relator term editor
Holdings
Withdrawn status Lost status Source of classification or shelving scheme Damaged status Not for loan Home library Current library Date acquired Total Checkouts Full call number Barcode Date last seen Copy number Price effective from Koha item type
    Dewey Decimal Classification     ctu-moalboal ctu-moalboal 01/17/2012   Fil. 006.68 An552 2005 2099 11/09/2022 1 11/09/2022 Books-Filipiniana
    Dewey Decimal Classification     ctu-moalboal ctu-moalboal 01/17/2012   Fil. 006.68 An552 2005 2100 11/09/2022 2 11/09/2022 Books-Filipiniana
    Dewey Decimal Classification     ctu-moalboal ctu-moalboal 01/17/2012   Fil. 006.68 An552 2005 2101 11/09/2022 3 11/09/2022 Books-Filipiniana
    Dewey Decimal Classification     ctu-moalboal ctu-moalboal 01/17/2012   Fil. 006.68 An552 2005 2102 11/09/2022 4 11/09/2022 Books-Filipiniana